000 00267nam a2200097Ia 4500
001 647610
005 20250826153706.0
008 250824s9999 xx 000 0 und d
245 0 _aDEDE KORKUT ANTİK OKUL KLASİKLERİ
_cANONİM
260 _bANTİK DÜNYA KLASİKLERİ
999 _c647610
_d647610